[Event "Zuerich Easter op 1st"]
[Site "Zuerich"]
[Date "2018.03.30"]
[Round "2"]
[White "Bauer, Christian"]
[Black "Rasovic, Dragan"]
[Result "1-0"]
[WhiteElo "2628"]
[BlackElo "2101"]
[PlyCount "65"]
[EventDate "2018.03.30"]
[EventType "swiss"]
[EventRounds "7"]
[EventCountry "SUI"]
[SourceTitle "CBM 183 Extra"]
[Source "ChessBase"]
[SourceDate "2018.04.19"]
[SourceVersion "1"]
[SourceVersionDate "2018.04.19"]
[SourceQuality "1"]

1. Nf3 Nf6 2. c4 e6 3. b3 b6 4. g3 Bb7 5. Bg2 Be7 6. Bb2 0-0 7. 0-0 d6 8. d4 Nbd7 9. Nc3 Ne4 10. Qc2 Nxc3 11. Bxc3 Bf6 12. Ng5 Bxg5 13. Bxb7 Rb8 14. Bc6 Qe7 15. b4 Rbd8 16. b5 Nb8 17. Be4 f5 18. Bg2 a5 19. f4 Bf6 20. e4 g6 21. Rae1 Qg7 22. e5 dxe5 23. fxe5 Be7 24. c5 Bg5 25. c6 h5 26. Qb3 Rfe8 27. d5 exd5 28. Bxd5+ Kh7 29. Bf7 Re7 30. e6 Bf6 31. Bxf6 Qxf6 32. Rd1 Rf8 33. Qd5 1-0

[Event "Zuerich op-B 33rd"]
[Site "Zuerich"]
[Date "2009.12.29"]
[Round "6"]
[White "Rasovic, Dragan"]
[Black "Peter, Raymond"]
[Result "1-0"]
[WhiteElo "2028"]
[BlackElo "1924"]
[PlyCount "50"]
[EventDate "2009.12.26"]
[EventType "swiss"]
[EventRounds "7"]
[EventCountry "SUI"]
[SourceTitle "EXT 2019"]
[Source "ChessBase"]
[SourceDate "2018.10.10"]
[SourceVersion "1"]
[SourceVersionDate "2018.10.10"]
[SourceQuality "1"]

1. d4 Nf6 2. Nf3 e6 3. c4 Bb4+ 4. Bd2 Bxd2+ 5. Qxd2 Ne4 6. Qc2 d5 7. e3 c6 8. Bd3 Qa5+ 9. Nc3 Na6 10. Bxe4 Nb4 11. Qb1 dxe4 12. Qxe4 f5 13. Qb1 b5 14. a3 Na6 15. b4 Qb6 16. 0-0 0-0 17. Ne5 Nb8 18. c5 Qb7 19. Qb3 a5 20. Rfb1 a4 21. Qa2 Rf6 22. Rd1 Bd7 23. e4 Be8 24. exf5 Bf7 25. Ne4 Qe7 1-0

[Event "SUI-chT"]
[Site "Switzerland"]
[Date "2008.06.22"]
[Round "5.8"]
[White "Vogt, Lothar"]
[Black "Rasovic, Dragan"]
[Result "1-0"]
[WhiteElo "2479"]
[BlackElo "2061"]
[PlyCount "65"]
[EventDate "2008.03.02"]
[EventType "team-tourn"]
[EventRounds "9"]
[EventCountry "SUI"]
[SourceTitle "EXT 2009"]
[Source "ChessBase"]
[SourceDate "2008.11.26"]
[SourceVersion "1"]
[SourceVersionDate "2008.11.26"]
[SourceQuality "1"]
[WhiteTeam "Zuerich"]
[BlackTeam "Gligoric"]
[WhiteTeamCountry "SUI"]
[BlackTeamCountry "SUI"]

1. e4 c6 2. c4 d5 3. exd5 cxd5 4. cxd5 Qxd5 5. Nc3 Qa5 6. Nf3 Nc6 7. d4 e6 8. Bd3 Nf6 9. 0-0 Be7 10. a3 0-0 11. Be3 a6 12. Qc2 Bd7 13. Rfe1 g6 14. b4 Qd8 15. Bc4 Rc8 16. Ba2 b5 17. Qd3 Qc7 18. Rac1 Rfd8 19. Qe2 Kg7 20. d5 exd5 21. Nxd5 Nxd5 22. Bxd5 Bf6 23. Ng5 Qe5 24. Qd2 Ne7 25. Rxc8 Bxc8 26. Nxf7 Qxd5 27. Nxd8 Qc4 28. Bh6+ Kg8 29. Rc1 Qb3 30. Bg5 Bxg5 31. Qxg5 Qxa3 32. Re1 Nf5 33. Qf6 1-0